[Event "Regionalliga SW 1516"]
[Site "Bayern"]
[Date "2015.10.11"]
[Round "1.1"]
[White "Krulich, Roman"]
[Black "Schmidt, Georg"]
[Result "1/2-1/2"]
[WhiteElo "2168"]
[BlackElo "2269"]
[PlyCount "65"]
[EventDate "2015.10.11"]
[EventType "team-tourn"]
[EventRounds "9"]
[EventCountry "GER"]
[SourceTitle "EXT 2018"]
[Source "ChessBase"]
[SourceDate "2017.10.13"]
[SourceVersion "1"]
[SourceVersionDate "2017.10.13"]
[SourceQuality "1"]
[WhiteTeam "MSA Zugzwang II"]
[BlackTeam "Unterhaching"]
[WhiteTeamCountry "GER"]
[BlackTeamCountry "GER"]

1. e4 d6 2. Nc3 e5 3. Bc4 Nf6 4. d3 c6 5. f4 b5 6. Bb3 Bg4 7. Nf3 Nbd7 8. h3 Bxf3 9. Qxf3 Nc5 10. fxe5 dxe5 11. Qg3 Nfd7 12. 0-0 f6 13. Be3 a5 14. a3 Nxb3 15. cxb3 Nc5 16. b4 Nb3 17. Rad1 axb4 18. axb4 Qd7 19. Ne2 Bd6 20. Qf3 0-0 21. d4 Nxd4 22. Nxd4 exd4 23. Rxd4 Qe6 24. Rfd1 Be5 25. Rd7 Rf7 26. Rd8+ Rxd8 27. Rxd8+ Rf8 28. Qd1 Bxb2 29. Bc5 Rxd8 30. Qxd8+ Kf7 31. Qc7+ Kg6 32. Qg3+ Kf7 33. Qc7+ 1/2-1/2

[Event "Landesliga Sued 1415"]
[Site "Bayern"]
[Date "2015.02.22"]
[Round "7.1"]
[White "Juptner, Jan"]
[Black "Schmidt, Georg"]
[Result "1-0"]
[WhiteElo "2357"]
[BlackElo "2269"]
[PlyCount "70"]
[EventDate "2014.10.19"]
[EventType "team-tourn"]
[EventRounds "9"]
[EventCountry "GER"]
[SourceTitle "EXT 2018"]
[Source "ChessBase"]
[SourceDate "2017.10.13"]
[SourceVersion "1"]
[SourceVersionDate "2017.10.13"]
[SourceQuality "1"]
[WhiteTeam "Muenchen Tarrasch"]
[BlackTeam "Unterhaching"]
[WhiteTeamCountry "GER"]
[BlackTeamCountry "GER"]

1. d4 d5 2. c4 c6 3. Nf3 Nf6 4. Nc3 a6 5. c5 b6 6. cxb6 Nbd7 7. e3 e6 8. Be2 Qxb6 9. 0-0 Be7 10. b3 0-0 11. Bb2 Bb7 12. Rc1 Rfc8 13. Na4 Qd8 14. Nc5 Nxc5 15. dxc5 Nd7 16. b4 a5 17. a3 Ba6 18. Nd4 Bxe2 19. Qxe2 Bf8 20. Rfd1 e5 21. Nf3 axb4 22. axb4 Rcb8 23. Bc3 Qc8 24. h3 g6 25. Ra1 Bg7 26. e4 d4 27. Bd2 Rxa1 28. Rxa1 Ra8 29. Rxa8 Qxa8 30. Qc4 Nf8 31. b5 cxb5 32. Qd5 Qe8 33. c6 Bf6 34. Bg5 Bxg5 35. Nxg5 Ne6 1-0

[Event "Landesliga Sued 1314"]
[Site "Bayern"]
[Date "2014.02.23"]
[Round "7.1"]
[White "Schmidt, Georg"]
[Black "Riediger, Martin"]
[Result "1-0"]
[WhiteElo "2344"]
[BlackElo "2258"]
[PlyCount "63"]
[EventDate "2013.10.13"]
[EventType "team-tourn"]
[EventRounds "9"]
[EventCountry "GER"]
[SourceTitle "EXT 2015"]
[Source "ChessBase"]
[SourceDate "2014.11.20"]
[SourceVersion "1"]
[SourceVersionDate "2014.11.20"]
[SourceQuality "1"]
[WhiteTeam "Unterhaching"]
[BlackTeam "Rottal"]
[WhiteTeamCountry "GER"]
[BlackTeamCountry "GER"]

1. e4 c5 2. Nf3 e6 3. c4 Nc6 4. Nc3 e5 5. d3 d6 6. Be2 f5 7. exf5 Bxf5 8. Ng5 Be7 9. Nge4 Nf6 10. Nxf6+ Bxf6 11. Bf3 0-0 12. 0-0 Qd7 13. a3 Kh8 14. Rb1 Nd4 15. Bd5 Rab8 16. Be3 b5 17. Ne4 Bg4 18. f3 Bf5 19. b4 Be7 20. Kh1 a6 21. f4 Bxe4 22. Bxe4 Nf5 23. Bg1 exf4 24. Rxf4 Bg5 25. Rf1 Be7 26. Qg4 g6 27. Rbe1 Rb7 28. Bxb7 Qxb7 29. Qe4 Qxe4 30. dxe4 Nd4 31. Rxf8+ Bxf8 32. Bxd4+ 1-0

[Event "Landesliga Sued 1213"]
[Site "Bayern"]
[Date "2012.12.09"]
[Round "4.1"]
[White "Kosic, Dragan"]
[Black "Schmidt, Georg"]
[Result "1-0"]
[WhiteElo "2489"]
[BlackElo "2284"]
[PlyCount "101"]
[EventDate "2012.10.14"]
[EventType "team-tourn"]
[EventRounds "9"]
[EventCountry "GER"]
[SourceTitle "EXT 2015"]
[Source "ChessBase"]
[SourceDate "2014.11.20"]
[SourceVersion "1"]
[SourceVersionDate "2014.11.20"]
[SourceQuality "1"]
[WhiteTeam "Muenchen Suedost"]
[BlackTeam "Unterhaching"]
[WhiteTeamCountry "GER"]
[BlackTeamCountry "GER"]

1. d4 Nf6 2. Nf3 e6 3. Bg5 c5 4. e3 b6 5. d5 exd5 6. Bxf6 Qxf6 7. Nc3 Bb7 8. Nxd5 Qd6 9. Nc3 Qe6 10. Qd2 Be7 11. 0-0-0 a6 12. Nd5 Bxd5 13. Qxd5 Qxd5 14. Rxd5 Nc6 15. c3 Kd8 16. g3 Kc7 17. h4 d6 18. Bg2 Rad8 19. Rhd1 Bf6 20. Nd2 Ne5 21. Ne4 Be7 22. Bf1 f5 23. Nd2 b5 24. Be2 g6 25. e4 fxe4 26. Nxe4 Nd7 27. R5d2 Nb6 28. f4 h6 29. Bd3 Rhg8 30. Re2 d5 31. Nf2 Bd6 32. Ng4 Bf8 33. Nf6 Rh8 34. Bxg6 d4 35. Re6 Kb7 36. cxd4 cxd4 37. h5 Na4 38. Ng4 Nc5 39. Rf6 Rg8 40. Rf7+ Kb6 41. Ne5 Bd6 42. Rf6 Kc7 43. Nf7 Be7 44. Rf5 Rd7 45. Nxh6 Rc8 46. Rf7 Kb6 47. Kb1 Rdc7 48. Ng4 d3 49. Ne3 Rd8 50. Nf5 Ne4 51. Nxe7 1-0

[Event "AUT-chT2W 1112"]
[Site "Austria"]
[Date "2012.03.10"]
[Round "10.1"]
[White "Schmidt, Georg"]
[Black "Koepke, Elena"]
[Result "1/2-1/2"]
[WhiteElo "2368"]
[BlackElo "2310"]
[PlyCount "83"]
[EventDate "2011.10.07"]
[EventType "team-tourn"]
[EventRounds "11"]
[EventCountry "AUT"]
[SourceTitle "EXT 2013"]
[Source "ChessBase"]
[SourceDate "2012.11.22"]
[SourceVersion "1"]
[SourceVersionDate "2012.11.22"]
[SourceQuality "1"]
[WhiteTeam "Rum Rochade"]
[BlackTeam "Kufstein/Woergl"]
[WhiteTeamCountry "AUT"]
[BlackTeamCountry "AUT"]

1. d4 d5 2. Bf4 Nf6 3. e3 c5 4. Nc3 e6 5. Nb5 Na6 6. dxc5 Bxc5 7. a3 0-0 8. b4 Be7 9. Bd3 Bd7 10. Be5 Bxb5 11. Bxb5 Ne4 12. Ne2 Bf6 13. Qd4 Bxe5 14. Qxe5 Qd6 15. Qxd6 Nxd6 16. Bd3 Nb8 17. f3 Nd7 18. Ng3 Rac8 19. e4 d4 20. Ne2 e5 21. c3 dxc3 22. Rc1 Rfd8 23. Rxc3 Nf8 24. Rxc8 Rxc8 25. Kd2 Ne6 26. Ke3 Kf8 27. g3 Ke7 28. Rd1 g5 29. Rh1 h6 30. h4 Nc4+ 31. Bxc4 Rxc4 32. hxg5 hxg5 33. Kd3 Rc6 34. Rb1 Rd6+ 35. Ke3 Nd4 36. Nxd4 Rxd4 37. Rc1 Rd7 38. Rc8 Ke6 39. Rg8 Kf6 40. Rc8 Ke6 41. Rg8 Kf6 42. Rc8 1/2-1/2